Loading...

Vietnam, Kampuchea, Laos: bound in comradeship

Bibliographic Details
Main Author: Chakrabartty, H R
Format: Printed Book
Published: New Delhi, Patriot 1988
Series:2
Subjects:
LEADER 005580000a22002050004500
020 |a 81 7050 048 6 
082 |a 959 M8.2 
100 |a Chakrabartty, H R 
245 |a Vietnam, Kampuchea, Laos: bound in comradeship 
260 |a New Delhi, Patriot 
260 |c 1988 
465 |a R 450 
490 |a 2 
650 |a Cambodia 
650 |a Chams 
650 |a History 
650 |a Indochina 
942 |c BK 
999 |c 2717  |d 2717 
952 |0 0  |1 0  |4 0  |6 959_M8_200000000000000  |7 0  |8 ENG  |9 2509  |a MGUL  |b MGUL  |d 2013-07-16  |e R 450  |l 0  |o 959 M8.2  |p 13705  |r 2013-07-16  |w 2013-07-16  |y BK